000 00537nam a2200181Ia 4500
999 _c11160
_d11160
003 OSt
005 20191224142127.0
008 190216s9999||||xx |||||||||||||| ||und||
020 _a9788131511138
040 _coclc
082 _a339
_bBAU/M
100 _aBaumol, William J
_9743
245 0 _aMacroeconomics Theory And Applications /
_cWilliam J Baumol ; Alan S Blinder
260 _bCengage Learning,
_c2010.
_aNew Delhi:
300 _a387p
650 _aEconomics
942 _cBK
_2ddc
_h339
_iBAU/M
_k339
_mBAU/M